000 00396nam a2200169Ia 4500
008 170705s9999 xx 000 0 und d
020 _a9780440406938
245 _aNoah's ark /
245 _cillustrated by Peter Spier.
260 _aNew York :
260 _bRandom House,
260 _c1997
300 _aunpaged :
300 _bcolor illustration ;
300 _c20cm.
500 _a100
999 _c337371
_d337371